| 000 | 01734cam a22003614i 4500 | ||
|---|---|---|---|
| 003 | PE-LiUPU | ||
| 005 | 20250731183449.0 | ||
| 008 | 240927b |||||||| |||| 00| 0 spa d | ||
| 020 | _a9788434419001 | ||
| 035 | _a(Sirsi) i9780829756692 | ||
| 040 |
_bspa _cPE-LiUPU _erda _dPE-LiUPU |
||
| 049 | _aPRUA | ||
| 082 | 0 | 4 |
_a720.9 _bW687d _223 |
| 100 |
_aWilkinson, Tom, _eautor. _94447 |
||
| 245 | 1 | 0 |
_aDe ladrillos y mortales : _bla historia de la arquitectura en diez edificios ejemplares / _cTom Wilkinson; traducción de Gemma Deza Guil. |
| 250 | _aPrimera edición. | ||
| 264 | 1 |
_aBarcelona : _bAriel, _c2014. |
|
| 300 |
_a356 páginas : _bilustraciones, fotos en blanco y negro ; _c23 centímetros |
||
| 336 |
_atext _2rdacontent |
||
| 337 |
_aunmediated _2rdamedia |
||
| 338 |
_avolume _2rdacarrier |
||
| 504 | _aBibliografía: p. 335-339 | ||
| 505 | _aLa torre de Babel, Babilonia (ca. 650 a. C.) -- La Domus Aurea, Roma (64-68 d. C.) -- La mezquita de Djinguereber, Tombuctú (1327) -- El palacio Rusellai, Florencia (1450) -- Los jardines del Perfecto Brillo, Pekín (1709-1860) -- El teatro del Festival de Bayreuth, Alemania (1876) -- La fábrica de automóviles Ford en Highland Park, Detroit (1909-1910) -- Casa E. 1027, Cap Martin (1926-1929) -- Centro de salud de Finsbury, Londres (1938) -- Puente peatonal, Río de Janeiro (2010). | ||
| 526 | _aP158 | ||
| 526 | _aP146 | ||
| 526 | _aP17 | ||
| 526 | _aP12 | ||
| 526 | _aP06 | ||
| 650 | 1 | 4 |
_aArquitectura _xHistoria. _9556 |
| 942 |
_2ddc _cBK |
||
| 980 |
_618226 _aJaime Vilcazán Jefe de Análisis Documental _81 _gALBERTO SANCHEZ Responsable de Automatización |
||
| 999 |
_c62641 _d62640 |
||